000
00339nam a2200145Ia 4500
005
20251222144901.0
008
251222s9999||||xx |||||||||||||| ||spa||
020
_a
8440460805
082
_a
851.914/C75
100
_a
Colao Granda, Antonio
245
0
_a
Tierra Santa:
250
_a
1ra.ed.
264
_b
Imprenta la Versal
942
_c
LIB
999
_c
21979
_d
21979